[Event "EUCup final"]
[Site "Budapest"]
[Date "1996.??.??"]
[Round "3"]
[White "Leko, Peter"]
[Black "Ivanov, Sergey"]
[Result "1/2-1/2"]
[WhiteElo "2630"]
[BlackElo "2515"]
[PlyCount "166"]
[EventDate "1996.11.27"]
[Source "ChessBase"]

1. e4 e6 2. d4 d5 3. Nc3 Bb4 4. e5 c5 5. a3 Ba5 6. b4 cxd4 7. Nb5 Bc7 8. f4 a5 9. Bd2 Nh6 10. Nf3 Nf5 11. Bd3 O-O 12. O-O Nc6 13. Nxc7 Qxc7 14. b5 Nce7 15. Qe2 Bd7 16. g4 Ne3 17. Bxe3 dxe3 18. Qxe3 f5 19. exf6 Rxf6 20. Ne5 Be8 21. Rae1 Rc8 22. f5 Qc5 23. Qxc5 Rxc5 24. g5 Rf8 25. fxe6 Rxf1+ 26. Rxf1 Rc8 27. Nf7 b6 28. Nd6 Rd8 29. Nxe8 Rxe8 30. Rf7 Ng6 31. Bxg6 hxg6 32. Rd7 Rxe6 33. Rxd5 Re2 34. Rd8+ Kf7 35. Rc8 Re5 36. c4 Rxg5+ 37. Kf2 Rf5+ 38. Ke3 Rf6 39. Kd4 Ke6 40. Rb8 Rf4+ 41. Kd3 Ke5 42. Rxb6 Rf3+ 43. Kc2 Kd4 44. Rc6 a4 45. b6 Rc3+ 46. Kb2 Rb3+ 47. Ka2 Kc3 48. Rxg6 Kxc4 49. Rxg7 Rxb6 50. Rg4+ Kc3 51. Rg3+ Kc2 52. Rg2+ Kc3 53. h4 Rb5 54. Rh2 Rh5 55. Kb1 Kd3 56. Kb2 Rb5+ 57. Kc1 Rh5 58. Rh1 Ke2 59. Kc2 Rc5+ 60. Kb2 Rb5+ 61. Ka2 Rh5 62. Rb1 Rxh4 63. Rb4 Rh8 64. Rxa4 Kd3 65. Kb3 Rh1 66. Rg4 Rb1+ 67. Ka4 Kc3 68. Rb4 Ra1 69. Rb8 Kc4 70. Rc8+ Kd5 71. Kb4 Kd6 72. a4 Kd7 73. Rc4 Rb1+ 74. Ka5 Rb7 75. Ka6 Rc7 76. Rh4 Rc6+ 77. Kb5 Rc1 78. Rh8 Kc7 79. Ka6 Rc6+ 80. Ka7 Rc5 81. Rh7+ Kc6 82. Ka6 Rg5 83. a5 Rf5 1/2-1/2

[Event "BL"]
[Site "?"]
[Date "1993.??.??"]
[Round "?"]
[White "Lau, Ralf"]
[Black "Vaganian, Rafael A"]
[Result "0-1"]
[WhiteElo "2530"]
[BlackElo "2615"]
[PlyCount "85"]
[EventDate "1993.??.??"]
[Source "www.chesslib.no"]
[SourceDate "2004.05.04"]

1. e4 e6 2. d4 d5 3. Nc3 Bb4 4. e5 c5 5. a3 Ba5 6. Qg4 Ne7 7. dxc5 Bxc3+ 8. bxc3 Qa5 9. Bd2 Ng6 10. h4 h5 11. Qg5 Nd7 12. c4 Qa4 13. Nf3 dxc4 14. Qe3 O-O 15. Rc1 b6 16. cxb6 Nxb6 17. Qg5 c3 18. Be3 Nd5 19. Qxh5 Ngf4 20. Qg5 Qe4 21. Bd3 Nxd3+ 22. cxd3 Qxd3 23. Rd1 Qe4 24. O-O Ba6 25. Rd4 Qh7 26. Rc1 Rfc8 27. h5 Be2 28. Rg4 Bxf3 29. gxf3 Kf8 30. Rd4 Rab8 31. Kg2 c2 32. Bd2 Rb1 33. Qg4 Rc7 34. Rc4 Qd3 35. Rxc7 Nxc7 36. Bf4 Ke8 37. Qg5 Nd5 38. Bd2 Ne7 39. Qe3 Qxe3 40. fxe3 Rxc1 41. Bxc1 Nc6 42. Kf2 Na5 43. h6 0-1

[Event "RUS-chT"]
[Site "Tomsk"]
[Date "2001.05.15"]
[Round "3"]
[White "Shaposhnikov, Evgeny"]
[Black "Lastin, Alexander"]
[Result "1/2-1/2"]
[WhiteElo "2514"]
[BlackElo "2627"]
[PlyCount "45"]
[EventDate "2001.05.13"]
[Source "ChessBase"]
[SourceDate "2001.07.03"]

1. e4 e6 2. d4 d5 3. Nc3 Bb4 4. e5 c5 5. a3 Ba5 6. Bd2 Nc6 7. Nb5 Nxd4 8. Bxa5 Qxa5+ 9. b4 Qb6 10. Nxd4 cxd4 11. Qg4 Qc7 12. Qxd4 Ne7 13. Nf3 Nf5 14. Qd2 Nh4 15. Qd4 Nxf3+ 16. gxf3 Qxc2 17. Bd3 Qc7 18. Rg1 g6 19. Ke2 Bd7 20. Rac1 Qd8 21. h4 a6 22. h5 gxh5 23. Rg7 1/2-1/2

[Event "Yerevan"]
[Site "Erevan ARM"]
[Date "1988.??.??"]
[Round "?"]
[White "Ehlvest, Jaan"]
[Black "Lputian, Smbat G"]
[Result "1-0"]
[WhiteElo "2585"]
[BlackElo "2555"]
[PlyCount "71"]
[EventDate "1988.05.??"]
[Source "www.chesslib.no"]
[SourceDate "2004.05.04"]

1. e4 e6 2. d4 d5 3. Nc3 Bb4 4. e5 c5 5. a3 Ba5 6. Bd2 cxd4 7. Nb5 Bc7 8. Nf3 Bd7 9. Nxc7+ Qxc7 10. Bb4 Nh6 11. Bd3 Qb6 12. O-O Nc6 13. Bd6 f6 14. b4 Nf7 15. Bc5 Qc7 16. exf6 gxf6 17. Nxd4 b6 18. Nb5 Qb8 19. Be3 Nce5 20. Be2 Qb7 21. Bd4 Rg8 22. a4 Ke7 23. Re1 Ng5 24. Ra3 a6 25. f4 axb5 26. fxe5 fxe5 27. Bxe5 bxa4 28. Qd4 Raf8 29. Qh4 d4 30. Bxd4 Rf4 31. Qh6 Rxd4 32. Rf1 Qe4 33. Qf6+ Kd6 34. Rg3 Bc6 35. Kh1 Rd2 36. Bf3 1-0

[Event "Ubeda op"]
[Site "Ubeda"]
[Date "1996.??.??"]
[Round "?"]
[White "Hernandez, Gilberto"]
[Black "Lputian, Smbat G"]
[Result "0-1"]
[WhiteElo "2555"]
[BlackElo "2580"]
[PlyCount "86"]
[EventDate "1996.01.??"]
[Source "ChessBase"]

1. e4 e6 2. d4 d5 3. Nc3 Bb4 4. e5 c5 5. a3 Ba5 6. b4 cxd4 7. Nb5 Bc7 8. f4 a5 9. Bb2 axb4 10. axb4 Rxa1 11. Bxa1 Nc6 12. Qd2 Nh6 13. Nf3 O-O 14. Nxc7 Qxc7 15. Bd3 Nf5 16. O-O Bd7 17. Rb1 Ra8 18. b5 Na5 19. b6 Qd8 20. Nxd4 Nc4 21. Qf2 Na3 22. Rb3 Nb5 23. Bb2 Nbxd4 24. Bxd4 Nxd4 25. Qxd4 Bc6 26. Rb4 Qe7 27. g3 f6 28. h4 fxe5 29. fxe5 Ra1+ 30. Kg2 Rc1 31. c3 Ra1 32. Bb1 Qf7 33. Kh2 Qf3 34. Rb2 Ra4 35. Rb4 Ra3 36. Qd3 Qxd3 37. Bxd3 Rxc3 38. Bb5 Bxb5 39. Rxb5 Kf7 40. Kg2 h5 41. Kf2 Kg6 42. Rb4 Rc4 43. Rb3 Rc2+ 0-1

[Event "World Open"]
[Site "Philadelphia, PA USA"]
[Date "1994.??.??"]
[Round "?"]
[White "Minasian, Artashes"]
[Black "Lputian, Smbat G"]
[Result "1/2-1/2"]
[WhiteElo "2545"]
[BlackElo "2590"]
[PlyCount "45"]
[EventDate "1994.06.??"]
[Source "www.chesslib.no"]
[SourceDate "2004.05.04"]

1. e4 e6 2. d4 d5 3. Nc3 Bb4 4. e5 c5 5. a3 Ba5 6. b4 cxd4 7. Nb5 Bc7 8. f4 a5 9. Bd2 Ne7 10. Nf3 Nf5 11. Bd3 O-O 12. Bxf5 exf5 13. Nfxd4 Nc6 14. Nxc6 bxc6 15. Nxc7 Qxc7 16. Be3 f6 17. Bd4 fxe5 18. Bxe5 Qb6 19. Qd4 Qxd4 20. Bxd4 Re8+ 21. Kd2 Re4 22. Be5 Kf7 23. Rhe1 1/2-1/2

[Event "Pardubice 85/280"]
[Site "?"]
[Date "2002.??.??"]
[Round "?"]
[White "Acs, P."]
[Black "Borovikov, V."]
[Result "1/2-1/2"]
[WhiteElo "2560"]
[BlackElo "2570"]
[PlyCount "81"]
[EventDate "2002.??.??"]
[Source "Chess Informant"]
[SourceDate "2002.06.01"]

1. e4 e6 2. d4 d5 3. Nc3 Bb4 4. e5 c5 5. a3 Ba5 6. b4 cxd4 7. bxa5 dxc3 8. Qg4 Ne7 9. Qxg7 Rf8 10. Qxh7 Nbc6 11. Nf3 Qc7 12. Bf4 Bd7 13. Bg3 O-O-O 14. Bd3 Qxa5 15. O-O Rh8 16. Qg7 d4 17. Bh7 Nf5 18. Bxf5 exf5 19. Qxf7 Rde8 20. Rab1 Rhf8 21. Qb3 Qa6 22. Ng5 Nd8 23. Bf4 Ba4 24. Qd5 Bxc2 25. e6 Rxe6 26. Qc5+ Qc6 27. Qxf8 Re8 28. Qb4 Bxb1 29. Rxb1 Qd5 30. Nf3 c2 31. Rc1 d3 32. Qc3+ Nc6 33. Kf1 b5 34. Re1 Re4 35. Rxe4 Qxe4 36. Nd4 Qxf4 37. Qxc6+ Qc7 38. Qe8+ Qd8 39. Qc6+ Qc7 40. Qe8+ Qd8 41. Qc6+ 1/2-1/2

[Event "ADCF Masters"]
[Site "Abu Dhabi"]
[Date "2003.08.17"]
[Round "2"]
[White "Kayumov, Dmitry D"]
[Black "Lputian, Smbat"]
[Result "0-1"]
[WhiteElo "2505"]
[BlackElo "2623"]
[PlyCount "142"]
[EventDate "2003.08.16"]
[Source "Roberto Alvarez"]
[SourceDate "2003.09.01"]

1. e4 e6 2. d4 d5 3. Nc3 Bb4 4. e5 c5 5. a3 Ba5 6. b4 cxd4 7. Nb5 Bc7 8. f4 a5 9. Bd2 Ne7 10. Nf3 axb4 11. axb4 Rxa1 12. Qxa1 O-O 13. Bd3 Bb6 14. O-O Nbc6 15. Kh1 Nf5 16. Bxf5 exf5 17. Nbxd4 Nxd4 18. Nxd4 Qc7 19. Qc3 Qxc3 20. Bxc3 Bd7 21. Ra1 Rc8 22. Ne2 h5 23. h3 Bb5 24. Bd4 Rxc2 25. Bxb6 Bxe2 26. Kg1 Bd3 27. Ra7 Rc4 28. Bc5 b6 29. Bxb6 Rxb4 30. Bf2 Rxf4 31. Rd7 Bc4 32. Rd8+ Kh7 33. Rd7 Re4 34. Rxf7 d4 35. Rd7 d3 36. Bc5 Bb5 37. Rd5 Re1+ 38. Kh2 Re2 39. Rd6 Rxe5 40. Bb4 Re2 41. Kg3 Rb2 42. Ba5 Ra2 43. Bb4 h4+ 44. Kf3 Rc2 45. Ba5 Bc6+ 46. Kf4 Be4 47. Be1 Rxg2 48. Bxh4 Re2 49. Bd8 Rf2+ 50. Ke5 Ra2 51. Bg5 Re2 52. h4 Re1 53. Bd2 Rh1 54. Bg5 Rh2 55. Rd7 Kg6 56. Kf4 Re2 57. Kg3 Rg2+ 58. Kf4 Kh5 59. Ke5 g6 60. Kf4 Rf2+ 61. Ke3 Rf1 62. Rd6 Rf3+ 63. Kd2 Rf2+ 64. Ke3 Re2+ 65. Kf4 Re1 66. Rd8 Rf1+ 67. Ke3 Kg4 68. Rd6 Re1+ 69. Kd2 Re2+ 70. Kd1 f4 71. Rf6 Bf5 0-1

[Event "SMX USSR"]
[Site "?"]
[Date "1964.??.??"]
[Round "?"]
[White "Tal, M."]
[Black "Teslenko"]
[Result "1-0"]
[WhiteElo "2560"]
[BlackElo "2560"]
[PlyCount "43"]
[EventDate "1964.??.??"]
[Source "www.chesslib.no"]
[SourceDate "2004.05.04"]

1. e4 e6 2. d4 d5 3. Nc3 Bb4 4. e5 c5 5. a3 Ba5 6. b4 cxd4 7. Nb5 Bc7 8. f4 Nc6 9. Nf3 f5 10. Bd3 Nge7 11. O-O Bd7 12. Kh1 O-O 13. Nbxd4 Nxd4 14. Nxd4 Nc6 15. Nf3 Rc8 16. Bb2 Bb6 17. g4 Be3 18. gxf5 exf5 19. e6 Bxe6 20. Ng5 Bd7 21. Qh5 h6 22. Qg6 1-0

[Event "Spartakiad"]
[Site "?"]
[Date "1962.??.??"]
[Round "?"]
[White "Vitolin, A."]
[Black "Dubinsky"]
[Result "1-0"]
[WhiteElo "2560"]
[BlackElo "2560"]
[PlyCount "83"]
[EventDate "1962.??.??"]
[Source "www.chesslib.no"]
[SourceDate "2004.05.04"]

1. e4 e6 2. d4 d5 3. Nc3 Bb4 4. e5 c5 5. a3 Ba5 6. b4 cxd4 7. Qg4 Ne7 8. bxa5 dxc3 9. Qxg7 Rg8 10. Qxh7 Nbc6 11. f4 Bd7 12. Rb1 Qc7 13. Nf3 O-O-O 14. Qd3 Nxa5 15. Be3 Kb8 16. Qd4 b6 17. Qb4 Nac6 18. Qxc3 Nf5 19. Bf2 Qb7 20. Bb5 d4 21. Qd3 Rxg2 22. Qe4 Rg4 23. h3 Ng3 24. Bxg3 Rxg3 25. Kf2 Rgg8 26. Rhg1 Rh8 27. Ng5 Rh4 28. Rg4 Rxg4 29. hxg4 a6 30. Nxf7 axb5 31. Nxd8 Nxd8 32. Qxb7+ Kxb7 33. Rh1 Kc6 34. Rh8 Nf7 35. Rf8 Nh6 36. Kg3 Kd5 37. Rb8 Kc6 38. Kh4 Kc7 39. Rh8 Nf7 40. Rf8 Nd8 41. g5 Nc6 42. g6 1-0

[Event "Russia"]
[Site "?"]
[Date "1960.??.??"]
[Round "?"]
[White "Sorokin, G."]
[Black "Dimitrievsky"]
[Result "0-1"]
[WhiteElo "2560"]
[BlackElo "2560"]
[PlyCount "52"]
[EventDate "1960.??.??"]
[Source "www.chesslib.no"]
[SourceDate "2004.05.04"]

1. e4 e6 2. d4 d5 3. Nc3 Bb4 4. e5 c5 5. a3 Ba5 6. b4 cxd4 7. Qg4 Ne7 8. Qxg7 Rg8 9. Qxh7 dxc3 10. bxa5 Nbc6 11. f4 Qxa5 12. Rb1 Nd4 13. Nh3 Bd7 14. Ng5 O-O-O 15. Nxf7 Nef5 16. Nxd8 Nxc2+ 17. Kd1 Ncd4 18. Rb4 Rxd8 19. Bd3 Qc5 20. Rf1 a5 21. Rxd4 Nxd4 22. g4 Bb5 23. g5 Nf5 24. Bxf5 exf5 25. Qxf5+ Kb8 26. Rh1 Qf2 0-1

[Event "Budapest"]
[Site "?"]
[Date "1960.??.??"]
[Round "?"]
[White "Matanovic, A."]
[Black "Mititelu, G."]
[Result "0-1"]
[WhiteElo "2560"]
[BlackElo "2560"]
[PlyCount "66"]
[EventDate "1960.??.??"]
[Source "www.chesslib.no"]
[SourceDate "2004.05.04"]

1. e4 e6 2. d4 d5 3. Nc3 Bb4 4. e5 c5 5. a3 Ba5 6. b4 cxd4 7. Qg4 Ne7 8. Qxg7 Rg8 9. Qxh7 dxc3 10. bxa5 Nbc6 11. f4 Qxa5 12. Nf3 Bd7 13. Ng5 Rf8 14. Rb1 O-O-O 15. Nxf7 Rxf7 16. Qxf7 Be8 17. Qf6 Bg6 18. Be2 Bxc2 19. Rb5 Qa4 20. Rc5 Kb8 21. Rxc3 Qe4 22. Re3 Qxg2 23. Bf3 Qg8 24. Re2 Nd4 25. Qxe7 Nxf3+ 26. Kf2 Be4 27. Rd1 Rc8 28. Bb2 Qg4 29. Qd6+ Ka8 30. Rc1 Rh8 31. Qd7 Rxh2+ 32. Ke3 Rxe2+ 33. Kxe2 Qg2+ 0-1

[Event "E.Germany corres"]
[Site "?"]
[Date "1961.??.??"]
[Round "?"]
[White "Pietzsch, W."]
[Black "Herzel"]
[Result "1-0"]
[WhiteElo "2560"]
[BlackElo "2560"]
[PlyCount "35"]
[EventDate "1961.??.??"]
[Source "www.chesslib.no"]
[SourceDate "2004.05.04"]

1. e4 e6 2. d4 d5 3. Nc3 Bb4 4. e5 c5 5. a3 Ba5 6. b4 cxd4 7. Qg4 Kf8 8. bxa5 dxc3 9. Nf3 Ne7 10. Bd3 Nbc6 11. O-O Qxa5 12. Re1 Ng6 13. h4 Qc7 14. h5 Ngxe5 15. Nxe5 Nxe5 16. Rxe5 f6 17. Re1 Kf7 18. Bxh7 1-0

[Event "Seattle op"]
[Site "?"]
[Date "1966.??.??"]
[Round "?"]
[White "Schoene, A."]
[Black "Pupols, V."]
[Result "0-1"]
[WhiteElo "2560"]
[BlackElo "2560"]
[PlyCount "48"]
[EventDate "1966.??.??"]
[Source "www.chesslib.no"]
[SourceDate "2004.05.04"]

1. e4 e6 2. d4 d5 3. Nc3 Bb4 4. e5 c5 5. a3 Ba5 6. b4 cxd4 7. Qg4 Ne7 8. bxa5 dxc3 9. Qxg7 Rg8 10. Qxh7 Qxa5 11. Nf3 Nbc6 12. h4 Bd7 13. Bg5 O-O-O 14. Rh3 Kb8 15. Qd3 Rc8 16. h5 Nf5 17. Be2 Qa4 18. Rb1 Rxg5 19. Nxg5 Nxe5 20. Qd1 Nd4 21. Rc1 Qxa3 22. f4 Nxe2 23. Kxe2 Bb5+ 24. Ke1 Qc5 0-1

[Event "Yugoslavia-ch"]
[Site "?"]
[Date "1962.??.??"]
[Round "?"]
[White "Ivkov, B."]
[Black "Jovic"]
[Result "0-1"]
[WhiteElo "2560"]
[BlackElo "2560"]
[PlyCount "94"]
[EventDate "1962.??.??"]
[Source "www.chesslib.no"]
[SourceDate "2004.05.04"]

1. e4 e6 2. d4 d5 3. Nc3 Bb4 4. e5 c5 5. a3 Ba5 6. b4 cxd4 7. Qg4 Ne7 8. bxa5 dxc3 9. Qxg7 Rg8 10. Qxh7 Nbc6 11. Nf3 Qxa5 12. Rb1 Bd7 13. Rxb7 O-O-O 14. Rb5 Qa4 15. Qd3 Rg4 16. Rb3 Kc7 17. Qa6 Qe4+ 18. Kd1 Bc8 19. Qb5 d4 20. Bd3 Qd5 21. Qxd5 Nxd5 22. g3 Nb6 23. Ke2 Bb7 24. h4 Rh8 25. h5 Ne7 26. h6 Ng6 27. Rh5 Nd7 28. Nh2 Re4+ 29. Bxe4 Bxe4 30. Rb4 Bxc2 31. Rxd4 Nc5 32. Be3 Ne7 33. Rb4 Bd3+ 34. Kd1 a5 35. Bxc5 axb4 36. Bxb4 Nd5 37. Rh4 c2+ 38. Kc1 Ra8 39. Bd6+ Kd7 40. h7 Nc3 41. Kd2 Na2 42. Kxd3 c1=Q 43. h8=Q Qd1+ 44. Ke3 Rxh8 45. Rxh8 Nc3 46. Kf4 Qd4+ 47. Kg5 Ne4+ 0-1

[Event "USA corres"]
[Site "?"]
[Date "1965.??.??"]
[Round "?"]
[White "Platz, J."]
[Black "Garfinkel, B."]
[Result "1-0"]
[WhiteElo "2560"]
[BlackElo "2560"]
[PlyCount "59"]
[EventDate "1965.??.??"]
[Source "www.chesslib.no"]
[SourceDate "2004.05.04"]

1. e4 e6 2. d4 d5 3. Nc3 Bb4 4. e5 c5 5. a3 Ba5 6. b4 cxd4 7. Qg4 Kf8 8. Nb5 Bb6 9. Nf3 Nc6 10. Bb2 f5 11. Qg3 Qe7 12. Nd6 a6 13. Bc1 g6 14. h4 Qg7 15. Bd3 Nh6 16. Bf4 Ng4 17. O-O-O h6 18. Rde1 Qe7 19. Nh2 Nxh2 20. Qxh2 a5 21. b5 Nd8 22. g4 Bc5 23. gxf5 Bxa3+ 24. Kd1 gxf5 25. Reg1 Nf7 26. Rg6 Bd7 27. Nxf7 Kxf7 28. Rhg1 Rag8 29. Qg3 Qf8 30. Bxh6 1-0

[Event "Burevestnik"]
[Site "?"]
[Date "1962.??.??"]
[Round "?"]
[White "Novopashin, A."]
[Black "Vorobetz"]
[Result "1-0"]
[WhiteElo "2560"]
[BlackElo "2560"]
[PlyCount "53"]
[EventDate "1962.??.??"]
[Source "www.chesslib.no"]
[SourceDate "2004.05.04"]

1. e4 e6 2. d4 d5 3. Nc3 Bb4 4. e5 c5 5. a3 Ba5 6. b4 cxd4 7. Qg4 Ne7 8. Qxg7 Rg8 9. Qxh7 dxc3 10. bxa5 Nbc6 11. f4 Qxa5 12. Nf3 Bd7 13. Ng5 Rxg5 14. fxg5 O-O-O 15. Bd3 Qc5 16. Qh4 Nxe5 17. Qb4 Qxb4 18. axb4 Nxd3+ 19. cxd3 Bb5 20. O-O Nc6 21. Rxf7 Bxd3 22. Rf3 Nxb4 23. Rxa7 Kc7 24. Ra4 d4 25. Rxb4 Be2 26. Rf7+ Kc6 27. Rbxb7 1-0